000 01193namaa2200265 a 4500
001 vtls001304610
003 NLI
005 20210627043924.0
008 120418s1979 dcu i000 0 eng
039 9 _y201204181934
_zVLOAD
040 0 _aNLI
_cVTLS-2012_FOD
_eAACR2
041 0 _aeng
044 _adcu
082 0 4 _a379.12120973
110 1 _aUnited States.
_bCongress.
_n(96th, 1st sess.)
_bHouse.
_bCommittee on Education and Labor.
_bSubcommittee on Elementary, Secondary, and Vocational Education
_9725999
245 1 0 _aOversight hearing on amendments to title I of ESEA and GEPA :
_bhearing before the Subcommittee on Elementary, Secondary, and Vocational Education of the Committee on Education and Labor, House of Representatives, Ninety-sixth Congress, first session, hearing held in Washington, D.C., on July 10, 1979
260 _aWashington, D.C. :
_bUnited States Government Printing Office,
_c1979
300 _aiii, 48 p. ;
_c24 cm.
650 0 _aFederal aid to education
_zUnited States
_9708911
887 _a
901 _aAD 79074
_b07.08.2010
902 _aU.S 379.12120973 Us 3
949 _AVIRTUAITEM
_D10000
_X100
_6ADX000079074ENG
942 _2ddc
_cBKS
999 _aVIRTUA40
_c596555
_d596555